Archetypálna estetika obydlí /

Salvato in:
Dettagli Bibliografici
Autore principale: Baďová, Petra (Autore)
Altri autori: Dadejík, Ondřej (Revisore), Pariláková, Eva (Revisore), Malíčková, Michaela (Revisore)
Natura: Libro
Lingua:slovacco
Pubblicazione: Nitra: Univerzita Konštantína Filozofa v Nitre - Filozofická fakulta, 2020
Soggetti:
Tags: Aggiungi Tag
Nessun Tag, puoi essere il primo ad aggiungerne!!

MARC

LEADER 00000nam a22000003a 4500
001 0089218
003 SK-STU
005 20210701100625.5
007 ta
008 210701s ----xo-----e------000-0-----d
020 |a 978-80-558-1594-7 
040 |a STU  |b slo 
041 0 |a slo  |h slo 
044 |a xo 
100 1 |a Baďová, Petra  |4 aut  |r Z5 
245 1 0 |a Archetypálna estetika obydlí /  |c aut. Petra Baďová ; rec. Ondřej Dadejík, Eva Pariláková, Michaela Malíčková 
260 |a Nitra:  |b Univerzita Konštantína Filozofa v Nitre - Filozofická fakulta,  |c 2020 
300 |a 138 s. 
650 0 7 |a archetyp 
650 0 7 |a podkrovie 
650 0 7 |a pivnica 
650 0 7 |a urbex 
700 1 |a Dadejík, Ondřej  |4 rev 
700 1 |a Pariláková, Eva  |r Z5  |4 rev 
700 1 |a Malíčková, Michaela  |r Z5  |4 rev 
996 |b 284V041578  |c V* 53156/O-24316  |l VVT  |s A  |a 24  |w 0089218_0001 
996 |b 284V041579  |c V* 53157/O-24317  |l VVS  |s A  |a 24  |w 0089218_0002